<?xml version="1.0" encoding="UTF-8"?><?xml-stylesheet type="text/xsl" href="static/style.xsl"?><OAI-PMH xmlns="http://www.openarchives.org/OAI/2.0/" xmlns:xsi="http://www.w3.org/2001/XMLSchema-instance" xsi:schemaLocation="http://www.openarchives.org/OAI/2.0/ http://www.openarchives.org/OAI/2.0/OAI-PMH.xsd"><responseDate>2026-04-13T01:11:27Z</responseDate><request verb="GetRecord" identifier="oai:www.recercat.cat:2117/186547" metadataPrefix="marc">https://recercat.cat/oai/request</request><GetRecord><record><header><identifier>oai:recercat.cat:2117/186547</identifier><datestamp>2025-07-16T22:27:13Z</datestamp><setSpec>com_2072_1033</setSpec><setSpec>col_2072_452949</setSpec></header><metadata><record xmlns="http://www.loc.gov/MARC21/slim" xmlns:dcterms="http://purl.org/dc/terms/" xmlns:xsi="http://www.w3.org/2001/XMLSchema-instance" xmlns:doc="http://www.lyncode.com/xoai" xsi:schemaLocation="http://www.loc.gov/MARC21/slim http://www.loc.gov/standards/marcxml/schema/MARC21slim.xsd">
   <leader>00925njm 22002777a 4500</leader>
   <datafield ind2=" " ind1=" " tag="042">
      <subfield code="a">dc</subfield>
   </datafield>
   <datafield ind2=" " ind1=" " tag="720">
      <subfield code="a">Tamás, Kornél</subfield>
      <subfield code="e">author</subfield>
   </datafield>
   <datafield ind2=" " ind1=" " tag="720">
      <subfield code="a">Tóth, Márton F.</subfield>
      <subfield code="e">author</subfield>
   </datafield>
   <datafield ind2=" " ind1=" " tag="260">
      <subfield code="c">2019</subfield>
   </datafield>
   <datafield ind2=" " ind1=" " tag="520">
      <subfield code="a">In agriculture the analyse of soil compaction in soil-tool interaction has a significant role. The equipments of agricultural farms are getting bigger and more complicated and it has huge importance to optimize the tillage methods. Two of most frequently investigated factors are the tool’s mixing-effect  and  the  draught  force  on  the  tool;  these  results  are  important  for agronomical experts to design tillage tools and cultivation processes. Discrete element method (DEM) is one of the numerical methods to model soil’s behaviour and soil-tool interaction. Aim of this study is to develop a 3D DEM model for clay soil and analyse the behaviour of soil- model regarding to non-homogeneous soil condition of agricultural fields. Simulation results will be &#xd;
compared with field test measurements for cone penetration tests. In this paper effects of particle’s shape and micromechanical properties will be investigated and simulations will be compared using special particles, so-called clumps in model. Clumps are aggregations that are set of spheres. This study investigates the effect of using clumps instead spheres in simulations and it will be attempted to model the thixotropic behaviour of soil with special kind of particles. Non-homogeneous property and varied compaction of field soil will be modelled with more layers, keep to be comparable the simulation results with field tests. Measurements were set for content; study investigates appropriate set of micromechanical parameters to simulate the effect of water.</subfield>
   </datafield>
   <datafield tag="653" ind2=" " ind1=" ">
      <subfield code="a">Àrees temàtiques de la UPC::Matemàtiques i estadística::Anàlisi numèrica::Mètodes en elements finits</subfield>
   </datafield>
   <datafield tag="653" ind2=" " ind1=" ">
      <subfield code="a">Finite element method</subfield>
   </datafield>
   <datafield tag="653" ind2=" " ind1=" ">
      <subfield code="a">Computational methods in mechanics</subfield>
   </datafield>
   <datafield tag="653" ind2=" " ind1=" ">
      <subfield code="a">Particle methods (Numerical analysis)</subfield>
   </datafield>
   <datafield tag="653" ind2=" " ind1=" ">
      <subfield code="a">Elements finits, Mètode dels</subfield>
   </datafield>
   <datafield ind2="0" ind1="0" tag="245">
      <subfield code="a">Modeling the soil heterogeneity in the discrete element model of soil-sweep interaction</subfield>
   </datafield>
</record></metadata></record></GetRecord></OAI-PMH>